Statistics for Provinces of Australia

Click here to take the quiz!

General Stats

  • This quiz has been taken 110 times
  • The average score is 6 of 8

Answer Stats

HintAnswer% Correct
QlQueensland
95%
NSWNew South Whales
88%
TmTasmania
84%
VtVictoria
83%
WAWestern Australia
81%
SaSouth Australia
75%
NTNorthern territory
71%
ACTAustralian Capital territory
51%

Score Distribution

Percentile by Number Answered

Percent of People with Each Score

Your Score History

You have not taken this quiz